[Event "5th Classic Open 2013"]
[Site "London ENG"]
[Date "2013.12.11"]
[Round "5.83"]
[White "Kane, Robert"]
[Black "Kouchak, Jason"]
[Result "1/2-1/2"]
[WhiteElo "1866"]
[BlackElo "1740"]
[WhiteFideId "420468"]
[BlackFideId "26011379"]
[EventDate "2013.12.07"]

1. d4 d5 2. e3 Nf6 3. Bd3 c6 4. b3 Bg4 5. Nf3 e6 6. Bb2 Bd6 7. Nbd2 Nbd7 8. h3
Bh5 9. g4 Bg6 10. Bxg6 hxg6 11. Ne5 Qc7 12. Nxd7 Qxd7 13. Qf3 O-O-O 14. O-O-O
Kb8 15. Kb1 b5 16. e4 dxe4 17. Nxe4 Nxe4 18. Qxe4 f5 19. Qg2 Bc7 20. Rd3 Qd5 21.
Rg1 Qxg2 22. Rxg2 f4 23. Rg1 Rhe8 24. Re1 b4 25. h4 Rd5 26. Re4 Kc8 27. a3 a5
28. c4 bxc3 29. Rxc3 Kd7 30. Bc1 e5 31. dxe5 Bxe5 32. Rf3 Rh8 33. Bxf4 Bxf4 34.
Rfxf4 Rxh4 35. Rf7+ Kd6 36. Rxg7 Rg5 37. f3 Rh3 38. Rf7 Rc5 39. b4 axb4 40. axb4
Rc3 41. f4 Kd5 42. Rfe7 Rb3+ 43. Kc2 Ra3 44. R7e5+ Kd6 45. Ra5 Rh2+ 46. Kd1 Rb3
47. Kc1 Rf3 48. f5 gxf5 49. Rxf5 Rxf5 50. gxf5 Rf2 1/2-1/2

[Event "5th Classic Open 2013"]
[Site "London ENG"]
[Date "2013.12.11"]
[Round "5.86"]
[White "Peck, Silas"]
[Black "Lie, Terje"]
[Result "1-0"]
[WhiteElo "1803"]
[BlackElo "1551"]
[WhiteFideId "432865"]
[BlackFideId "1504916"]
[EventDate "2013.12.07"]

1. e4 d6 2. d4 Nf6 3. Nc3 g6 4. f4 Bg7 5. Nf3 Bg4 6. Be3 c6 7. h3 Bxf3 8. Qxf3
Qb6 9. O-O-O O-O 10. g4 Nfd7 11. h4 Re8 12. f5 a5 13. Bc4 Rf8 14. fxg6 hxg6 15.
h5 gxh5 16. Rxh5 Nf6 17. Rh2 d5 18. g5 dxc4 19. gxf6 exf6 20. Rg1 Re8 21. Qxf6
Kf8 22. Rxg7 Qc7 23. Rh8# 1-0

[Event "5th Classic Open 2013"]
[Site "London ENG"]
[Date "2013.12.12"]
[Round "6.1"]
[White "Hammer, Jon Ludvig"]
[Black "Brunello, Sabino"]
[Result "1/2-1/2"]
[WhiteTitle "GM"]
[BlackTitle "GM"]
[WhiteElo "2612"]
[BlackElo "2603"]
[WhiteFideId "1503707"]
[BlackFideId "813613"]
[EventDate "2013.12.07"]

1. d4 d5 2. c4 c6 3. Nc3 Nf6 4. cxd5 cxd5 5. Bf4 Nc6 6. e3 e6 7. Bd3 Be7 8. Nf3
O-O 9. h3 Bd7 10. O-O Qa5 11. a3 Rfc8 12. b4 Qd8 13. Na4 Be8 14. Qb3 Bd6 15.
Bxd6 Qxd6 16. Rfc1 Ne7 17. Qd1 Rxc1 18. Rxc1 a5 19. bxa5 1/2-1/2

[Event "5th Classic Open 2013"]
[Site "London ENG"]
[Date "2013.12.12"]
[Round "6.2"]
[White "Grachev, Boris"]
[Black "Rahman, Ziaur"]
[Result "1/2-1/2"]
[WhiteTitle "GM"]
[BlackTitle "GM"]
[WhiteElo "2669"]
[BlackElo "2496"]
[WhiteFideId "4129199"]
[BlackFideId "10200037"]
[EventDate "2013.12.07"]

1. d4 d5 2. c4 e6 3. Nc3 Bb4 4. cxd5 exd5 5. Bf4 Nf6 6. e3 O-O 7. Bd3 c5 8. Ne2
Bg4 9. O-O Nbd7 10. Qb1 Re8 11. Ng3 Qa5 12. h3 Be6 13. Nce2 c4 14. Bc2 Nf8 15.
a3 Be7 16. Nc3 a6 17. Qd1 Rad8 18. Bg5 N6d7 19. Bxe7 Rxe7 20. Nh5 g6 21. Nf4 Nf6
22. Qf3 Kg7 23. g4 h6 24. Qg3 N8h7 25. Kh1 Bc8 26. Rg1 Ng5 1/2-1/2

[Event "5th Classic Open 2013"]
[Site "London ENG"]
[Date "2013.12.12"]
[Round "6.3"]
[White "Gharamian, Tigran"]
[Black "Semcesen, Daniel"]
[Result "1/2-1/2"]
[WhiteTitle "GM"]
[BlackTitle "IM"]
[WhiteElo "2656"]
[BlackElo "2488"]
[WhiteFideId "13301527"]
[BlackFideId "1706993"]
[EventDate "2013.12.07"]

1. e4 e5 2. Nf3 Nc6 3. Bb5 Nd4 4. Nxd4 exd4 5. O-O Bc5 6. b4 Bb6 7. Na3 c6 8.
Bd3 d5 9. exd5 cxd5 10. c4 dxc4 11. Nxc4 Bc7 12. Qh5 Ne7 13. Re1 h6 14. Ne5 O-O
15. Nxf7 Rxf7 16. Bc4 Qf8 17. Bb2 Bd7 18. Bxd4 Bd6 19. Bc5 Bxc5 20. bxc5 Bc6 21.
Re5 g6 22. Bxf7+ Kxf7 23. Qh4 Rd8 24. Rae1 Nd5 25. d4 Kg7 26. f3 Rd7 27. Qe4 Qf7
28. Re6 Kh7 29. Qe5 Qg7 30. a3 h5 31. h4 Qf7 32. Kh2 a6 33. Kg3 Qg7 34. Kh2 Qf7
35. Kg3 Qg7 36. Qxg7+ Kxg7 37. R6e5 Kf6 38. Re6+ 1/2-1/2

[Event "5th Classic Open 2013"]
[Site "London ENG"]
[Date "2013.12.12"]
[Round "6.4"]
[White "Bartel, Mateusz"]
[Black "Harika, Dronavalli"]
[Result "1-0"]
[WhiteTitle "GM"]
[BlackTitle "GM"]
[WhiteElo "2649"]
[BlackElo "2487"]
[WhiteFideId "1112635"]
[BlackFideId "5015197"]
[EventDate "2013.12.07"]

1. e4 e6 2. d4 d5 3. Nc3 Bb4 4. e5 c5 5. Bd2 Ne7 6. a3 Bxc3 7. Bxc3 b6 8. Bb5+
Bd7 9. Bd3 Nbc6 10. f4 g5 11. Qh5 Ng6 12. g3 gxf4 13. Nf3 Qe7 14. Bd2 O-O-O 15.
O-O-O c4 16. Be2 b5 17. Bxf4 Nxf4 18. gxf4 b4 19. axb4 Qxb4 20. Rhg1 Kc7 21. Rg7
Rb8 22. Qxf7 Qxb2+ 23. Kd2 Rhd8 24. Qxe6 Qb4+ 25. Ke3 Qa3+ 26. Kf2 Qf8 27. Rxh7
Qxf4 28. Qd6+ Kc8 29. Rxd7 Rxd7 30. Qxc6+ Kd8 31. Rg1 Qf8 32. e6 Rd6 33. e7+
Kxe7 34. Qc7+ Kf6 35. Ne5 Kf5 36. Qh7+ Ke6+ 1-0

[Event "5th Classic Open 2013"]
[Site "London ENG"]
[Date "2013.12.12"]
[Round "6.5"]
[White "Williams, Simon K"]
[Black "Delchev, Aleksander"]
[Result "0-1"]
[WhiteTitle "GM"]
[BlackTitle "GM"]
[WhiteElo "2461"]
[BlackElo "2648"]
[WhiteFideId "404454"]
[BlackFideId "2900394"]
[EventDate "2013.12.07"]

1. e4 c5 2. Nf3 e6 3. b4 b6 4. bxc5 bxc5 5. Na3 Bb7 6. e5 Ne7 7. h4 Nf5 8. Bd3
Bd5 9. c4 Bxf3 10. Qxf3 Nc6 11. Bb2 Nfd4 12. Bxd4 cxd4 13. Be4 Rc8 14. Bxc6 dxc6
15. Nc2 d3 16. Ne3 Qd4 17. O-O Qxe5 18. Rfe1 Bd6 19. Ng4 Qd4 20. c5 Bxc5 21.
Rac1 Bd6 22. Re4 Qb2 23. Rce1 O-O 24. Qxd3 Rfd8 25. Qc4 Qxd2 26. h5 Qd5 27. Qe2
f5 28. Rxe6 fxg4 29. Qxg4 Bf8 30. h6 Rc7 31. R6e5 Qxa2 32. Qg5 Rb8 33. Re8 Rxe8
34. Rxe8 Qa1+ 0-1

[Event "5th Classic Open 2013"]
[Site "London ENG"]
[Date "2013.12.12"]
[Round "6.6"]
[White "Iordachescu, Viorel"]
[Black "Vakhidov, Jahongir"]
[Result "0-1"]
[WhiteTitle "GM"]
[BlackTitle "IM"]
[WhiteElo "2614"]
[BlackElo "2452"]
[WhiteFideId "13900200"]
[BlackFideId "14201801"]
[EventDate "2013.12.07"]

1. e4 g6 2. d4 Bg7 3. Nf3 d6 4. Be2 Bg4 5. O-O Nc6 6. c3 e5 7. Qb3 Bxf3 8. Bxf3
exd4 9. Qxb7 Nge7 10. e5 O-O 11. Bxc6 Rb8 12. Qa6 Rb6 13. Qa4 Nxc6 14. cxd4 Qh4
15. Nc3 Nxd4 16. exd6 Ne2+ 17. Kh1 Rb4 18. Qd7 Be5 19. Qh3 Qxh3 20. gxh3 Nxc3
21. bxc3 Bxc3 22. Bh6 Bxa1 23. Bxf8 Kxf8 24. dxc7 Rc4 25. Rxa1 Rxc7 26. Kg2 a5
27. Re1 Rc2 28. a3 Rc3 29. Re3 Rxe3 30. fxe3 Ke7 31. Kf3 Kd6 32. Ke4 Kc5 33. Ke5
f5 34. h4 Kc4 35. h5 Kb3 36. hxg6 hxg6 37. h4 Kxa3 38. h5 gxh5 39. Kxf5 h4 40.
Kg4 Kb4 41. Kxh4 a4 0-1

[Event "5th Classic Open 2013"]
[Site "London ENG"]
[Date "2013.12.12"]
[Round "6.8"]
[White "Tania, Sachdev"]
[Black "Van Kampen, Robin"]
[Result "0-1"]
[WhiteTitle "IM"]
[BlackTitle "GM"]
[WhiteElo "2441"]
[BlackElo "2601"]
[WhiteFideId "5007844"]
[BlackFideId "1020854"]
[EventDate "2013.12.07"]

1. d4 d6 2. Nf3 Nf6 3. c4 g6 4. Nc3 Bg7 5. e4 O-O 6. h3 e5 7. d5 Nh5 8. Be3 f5
9. Qc2 Na6 10. O-O-O f4 11. Bd2 c5 12. Be2 Nc7 13. Rdg1 a6 14. g4 fxg3 15. fxg3
b5 16. Bg5 Bf6 17. Bh6 Rf7 18. Nd2 Bg5 19. Bxg5 Qxg5 20. h4 Qe3 21. Bxh5 gxh5
22. Re1 Qh6 23. Rhf1 Rxf1 24. Rxf1 Bg4 25. Kb1 Qe3 26. Qc1 b4 27. Na4 Rf8 28.
Rxf8+ Kxf8 29. a3 bxa3 30. bxa3 Qxg3 31. Qb2 Ne8 32. Nc3 Qxh4 0-1

[Event "5th Classic Open 2013"]
[Site "London ENG"]
[Date "2013.12.12"]
[Round "6.9"]
[White "Buchicchio, Giampaolo"]
[Black "Bok, Benjamin"]
[Result "0-1"]
[WhiteTitle "FM"]
[BlackTitle "IM"]
[WhiteElo "2312"]
[BlackElo "2540"]
[WhiteFideId "811491"]
[BlackFideId "1017063"]
[EventDate "2013.12.07"]

1. e4 e5 2. Nf3 Nc6 3. d4 exd4 4. Nxd4 Nf6 5. Nxc6 bxc6 6. e5 Qe7 7. Qe2 Nd5 8.
c4 Nb6 9. Nd2 Bb7 10. b3 a5 11. Bb2 a4 12. f4 Qe6 13. g3 Qg6 14. O-O-O axb3 15.
axb3 Ba3 16. Bxa3 Rxa3 17. Kb2 Ra8 18. Qe3 O-O 19. Bd3 f5 20. g4 Qxg4 21. Rhg1
Qh5 22. Rg5 Qxd1 23. Nb1 c5 24. e6 Be4 25. Qg3 Nxc4+ 26. Kc3 Qc1+ 0-1

[Event "5th Classic Open 2013"]
[Site "London ENG"]
[Date "2013.12.12"]
[Round "6.10"]
[White "Gupta, Abhijeet"]
[Black "Maryasin, Boris"]
[Result "1-0"]
[WhiteTitle "GM"]
[BlackTitle "IM"]
[WhiteElo "2608"]
[BlackElo "2342"]
[WhiteFideId "5010608"]
[BlackFideId "2801892"]
[EventDate "2013.12.07"]

1. d4 d5 2. c4 dxc4 3. Nf3 Nf6 4. e3 b5 5. a4 b4 6. Bxc4 e6 7. O-O Be7 8. Nbd2
Bb7 9. b3 O-O 10. Bb2 c5 11. Qe2 Nbd7 12. Rfd1 Nd5 13. Rac1 Rc8 14. Ba6 Bxa6 15.
Qxa6 Qb6 16. Qe2 cxd4 17. Nc4 Qa6 18. Nxd4 Nc5 19. e4 Nf6 20. f3 Rfd8 21. Qc2
Nb7 22. Nb5 Rxd1+ 23. Qxd1 Rd8 24. Qc2 Qc6 25. Ne5 Qc5+ 26. Kf1 Qxc2 27. Rxc2
Bc5 28. Ke2 a6 29. Nc7 a5 30. Nb5 Ne8 31. Nc6 Ra8 32. Rd2 Bg1 33. Be5 f6 34. Bg3
Bb6 35. Nb8 Nc5 36. Nd7 Nxd7 37. Rxd7 Rc8 38. Rb7 Rc6 39. Bb8 e5 40. Kd2 Bc5 41.
Ba7 Bf8 42. Bb6 Nd6 43. Rb8 Kf7 44. Bxa5 Nc8 45. Bc7 Na7 46. Rb7 1-0

[Event "5th Classic Open 2013"]
[Site "London ENG"]
[Date "2013.12.12"]
[Round "6.11"]
[White "Shyam, Sundar M."]
[Black "Ben Artzi, Ido"]
[Result "1-0"]
[WhiteTitle "GM"]
[WhiteElo "2534"]
[BlackElo "2341"]
[WhiteFideId "5019141"]
[BlackFideId "2810913"]
[EventDate "2013.12.07"]

1. e4 d6 2. d4 Nf6 3. Nc3 g6 4. Bg5 Bg7 5. Qd2 c6 6. Bd3 Qa5 7. Nge2 Nbd7 8. O-O
O-O 9. a4 e5 10. Rad1 Re8 11. d5 cxd5 12. Nxd5 Qxd2 13. Nxf6+ Bxf6 14. Bxd2 Nc5
15. Bb4 Nxd3 16. Rxd3 Be6 17. b3 d5 18. exd5 Bf5 19. Rc3 e4 20. Rc7 Be5 21. Rxb7
e3 22. fxe3 Bxc2 23. Nd4 Bxd4 24. exd4 Reb8 25. Rfxf7 Rxb7 26. Rxb7 Be4 27. Rd7
Rb8 28. Bc5 Rxb3 29. d6 Bc6 30. Rc7 Bxa4 31. d7 1-0

[Event "5th Classic Open 2013"]
[Site "London ENG"]
[Date "2013.12.12"]
[Round "6.13"]
[White "Sowray, Peter J"]
[Black "Elsness, Frode"]
[Result "1/2-1/2"]
[WhiteTitle "FM"]
[BlackTitle "IM"]
[WhiteElo "2326"]
[BlackElo "2482"]
[WhiteFideId "400971"]
[BlackFideId "1501100"]
[EventDate "2013.12.07"]

1. d4 Nf6 2. c4 e6 3. Nc3 Bb4 4. e3 O-O 5. Ne2 Re8 6. a3 Bf8 7. d5 a5 8. g3 Na6
9. Bg2 Nc5 10. b3 exd5 11. cxd5 b6 12. O-O Ba6 13. Qc2 Bd3 14. Qb2 Bd6 15. Rd1
Be5 16. Nd4 Bg6 17. Ncb5 a4 18. bxa4 Rxa4 19. Bd2 Nfe4 20. Bb4 Nd6 21. Nxd6 Bxd6
22. Nb5 Be5 23. Bc3 Bxc3 24. Qxc3 Ra5 25. Qc4 Ra4 26. Qe2 d6 27. Qb2 Bd3 28. Bf1
Bxf1 29. Kxf1 Qd7 30. Kg2 Rea8 31. Rab1 R4a5 32. Qe2 Re8 33. Rd4 Re5 34. Rbb4 g6
35. h3 Re8 36. Qg4 Qe7 37. h4 h5 38. Qe2 f5 39. Qc2 Qf7 40. Qc4 Re5 41. Rb1 1/2-1/2

[Event "5th Classic Open 2013"]
[Site "London ENG"]
[Date "2013.12.12"]
[Round "6.15"]
[White "Gislason, Gudmundur"]
[Black "Sarkar, Justin"]
[Result "1/2-1/2"]
[WhiteTitle "FM"]
[BlackTitle "IM"]
[WhiteElo "2318"]
[BlackElo "2425"]
[WhiteFideId "2300559"]
[BlackFideId "2010011"]
[EventDate "2013.12.07"]

1. d4 Nf6 2. g3 d5 3. Bg2 c6 4. Nf3 Bg4 5. h3 Bxf3 6. Bxf3 Nbd7 7. Bf4 Qb6 8. b3
g6 9. O-O Bg7 10. Nc3 O-O 11. Na4 Qa6 12. e3 Rfe8 13. Be2 b5 14. Nb2 Qa3 15. Nd3
Ne4 16. Qe1 e5 17. Nxe5 Nxe5 18. Bxe5 Bxe5 19. dxe5 Rxe5 20. Bf3 a5 21. Qd1 Qb4
22. Bg2 a4 23. a3 Qc3 24. Re1 Re6 25. Bxe4 Rxe4 26. Re2 Qc5 27. b4 Qe7 28. Rd2
h5 29. h4 Re8 30. Rd4 Qf6 31. c3 Kg7 32. Kg2 g5 33. Qxh5 gxh4 34. Rxe4 Rxe4 35.
Rh1 Qxc3 36. g4 Qf6 37. Rxh4 Kf8 38. g5 Qf5 39. Qh6+ Ke7 40. Rxe4+ dxe4 41. Qxc6
Qxg5+ 42. Kf1 Qe5 43. Kg2 Qg7+ 44. Kh2 Qe5+ 45. Kg2 Qg7+ 46. Kh2 Qh7+ 47. Kg3
Qf5 48. Qc7+ Kf6 49. Qf4 Ke6 50. Qxf5+ Kxf5 51. Kh4 Ke5 52. Kg5 f6+ 53. Kg4 Ke6
54. Kf4 Kd5 55. Kf5 Kc4 56. Kxe4 Kb3 57. Kd3 Kxa3 58. Kc3 Ka2 59. Kc2 Ka3 60.
Kc3 Ka2 61. Kc2 1/2-1/2

[Event "5th Classic Open 2013"]
[Site "London ENG"]
[Date "2013.12.12"]
[Round "6.16"]
[White "Summerscale, Aaron P"]
[Black "Carr, Neil L"]
[Result "1-0"]
[WhiteTitle "GM"]
[BlackTitle "FM"]
[WhiteElo "2423"]
[BlackElo "2275"]
[WhiteFideId "400980"]
[BlackFideId "401048"]
[EventDate "2013.12.07"]

1. d4 g6 2. e4 Bg7 3. c4 d6 4. Nc3 Nf6 5. Nf3 O-O 6. Be2 e5 7. O-O Nc6 8. d5 Ne7
9. Ne1 Nd7 10. Be3 f5 11. f3 f4 12. Bf2 g5 13. a4 a5 14. Nd3 b6 15. Be1 Nf6 16.
Nf2 h5 17. h3 Kh8 18. b4 Neg8 19. bxa5 bxa5 20. c5 Rf7 21. Bb5 Rb8 22. Rb1 Nh6
23. Be2 Rxb1 24. Qxb1 Nd7 25. c6 Nc5 26. Qb8 Bf6 27. Nb5 Rg7 28. Na7 Ba6 29.
Qxd8+ Bxd8 30. Bxa6 Nxa6 31. Bxa5 g4 32. hxg4 hxg4 33. fxg4 Bh4 34. Nb5 Bxf2+
35. Rxf2 Nxg4 36. Rb2 Ne3 37. Nxc7 Nc4 38. Rc2 Ne3 39. Nxa6 Nxc2 40. Bd8 Rg3 41.
Nc5 Rc3 42. Bb6 Rg3 43. c7 Rg8 44. Nb7 1-0

[Event "5th Classic Open 2013"]
[Site "London ENG"]
[Date "2013.12.12"]
[Round "6.18"]
[White "Persson, Mats"]
[Black "Andersson, Tommy"]
[Result "1/2-1/2"]
[BlackTitle "FM"]
[WhiteElo "2250"]
[BlackElo "2370"]
[WhiteFideId "1708333"]
[BlackFideId "1703803"]
[EventDate "2013.12.07"]

1. e4 c6 2. d4 d5 3. Nc3 dxe4 4. Nxe4 Bf5 5. Nc5 b6 6. Nb3 e6 7. Bd3 Bxd3 8.
Qxd3 Bd6 9. Nf3 Nf6 10. Bg5 Nbd7 11. O-O O-O 12. Rfe1 Qc7 13. Rad1 h6 14. Bxf6
Nxf6 15. c4 Rfd8 16. Qe2 c5 17. dxc5 Bxc5 18. Nxc5 Qxc5 19. b3 Qc7 20. h3 Rxd1
21. Rxd1 Rd8 22. Rxd8+ 1/2-1/2

[Event "5th Classic Open 2013"]
[Site "London ENG"]
[Date "2013.12.12"]
[Round "6.19"]
[White "Slavin, Alexey"]
[Black "Farrand, Tom"]
[Result "1-0"]
[WhiteTitle "IM"]
[WhiteElo "2363"]
[BlackElo "2149"]
[WhiteFideId "24104388"]
[BlackFideId "406457"]
[EventDate "2013.12.07"]

1. g3 f5 2. Bg2 Nf6 3. d3 d6 4. e4 Nc6 5. Nc3 e5 6. Nge2 g6 7. h3 Bg7 8. Be3 Be6
9. Nd5 Qd7 10. c4 O-O 11. Qd2 Rab8 12. a4 a6 13. a5 Rbe8 14. Rb1 Nd4 15. Nxf6+
Bxf6 16. Bxd4 exd4 17. b3 c6 18. f4 fxe4 19. dxe4 Bf5 20. exf5 Qxf5 21. O-O d3
22. Nc1 Bd4+ 23. Kh2 Re3 24. b4 Rfe8 25. Rb3 R3e7 26. Qxd3 Qf6 27. Qf3 h5 28. h4
Qf5 29. Rd3 Re3 30. Qd1 c5 31. Rxe3 Rxe3 32. bxc5 dxc5 33. Re1 1-0

[Event "5th Classic Open 2013"]
[Site "London ENG"]
[Date "2013.12.12"]
[Round "6.20"]
[White "Hebden, Mark L"]
[Black "Bao, Qilin"]
[Result "1/2-1/2"]
[WhiteTitle "GM"]
[WhiteElo "2560"]
[BlackElo "2166"]
[WhiteFideId "400084"]
[BlackFideId "8605750"]
[EventDate "2013.12.07"]

1. d4 Nf6 2. Bf4 c5 3. d5 Qb6 4. Nc3 Qxb2 5. Bd2 Qb6 6. e4 d6 7. f4 e6 8. Rb1
Qd8 9. Bb5+ Bd7 10. dxe6 fxe6 11. Nf3 Bxb5 12. Rxb5 Qd7 13. Qb1 b6 14. e5 Nd5
15. Nxd5 exd5 16. O-O Be7 17. a4 Nc6 18. a5 O-O 19. axb6 axb6 20. Rxb6 Rab8 21.
Re1 Qa7 22. Rxb8 Rxb8 23. Qd1 dxe5 24. fxe5 Qa4 25. Bg5 Qc4 26. Bxe7 Nxe7 27. e6
h6 28. Qd2 Rb2 29. Re2 Ra2 30. h3 d4 31. Kf2 Ra6 32. Qd3 Qxd3 33. cxd3 Kf8 34.
Re5 Rc6 35. Nd2 Ng6 36. Rf5+ Ke8 37. Ne4 c4 38. dxc4 Rxe6 39. Ng3 Ne5 40. Nh5 g6
41. Ng7+ Ke7 42. Nxe6 gxf5 43. Nxd4 Kf6 44. c5 Nd3+ 45. Kg3 Nxc5 46. Kh4 Nd3 47.
Ne2 Kg6 48. Kg3 Kg5 49. Kf3 Ne5+ 50. Ke3 Ng6 51. Ng1 Kh4 52. Kf2 Kg5 53. Nf3+
Kf4 54. g3+ Ke4 55. Nd2+ Kd3 56. Nb3 Ke4 57. Nc5+ Kd5 58. Nb7 f4 59. g4 Ne5 60.
Ke2 Ke4 61. Nd6+ Kd5 62. Nf5 Ke4 63. Nd6+ Kd5 64. Nf5 Ke4 65. Nd6+ Kd5 1/2-1/2

[Event "5th Classic Open 2013"]
[Site "London ENG"]
[Date "2013.12.12"]
[Round "6.21"]
[White "Kiik, Kalle"]
[Black "Ilfeld, Etan"]
[Result "1-0"]
[WhiteTitle "IM"]
[WhiteElo "2435"]
[BlackElo "2178"]
[WhiteFideId "4500075"]
[BlackFideId "2803470"]
[EventDate "2013.12.07"]

1. c4 e5 2. g3 Nf6 3. Bg2 g6 4. Nc3 Bg7 5. e3 O-O 6. Nge2 d6 7. d4 c6 8. O-O Bf5
9. e4 Bc8 10. h3 c5 11. dxc5 dxc5 12. Be3 Qxd1 13. Raxd1 b6 14. f4 Nfd7 15. Rd6
Re8 16. Nb5 Na6 17. Nec3 Nf8 18. f5 f6 19. Nd5 Bd7 20. fxg6 hxg6 21. Nxf6+ Bxf6
22. Rfxf6 Bxb5 23. cxb5 Nc7 24. Bf1 Re7 25. Bc4+ Kg7 26. Bg5 Ne8 27. Rxf8 Kxf8
28. Rxg6 Rg7 29. Bh6 Rd8 30. Bxg7+ Nxg7 31. Rf6+ Ke8 32. Bd5 1-0

[Event "5th Classic Open 2013"]
[Site "London ENG"]
[Date "2013.12.12"]
[Round "6.22"]
[White "Balint, Vilmos"]
[Black "Cherniaev, Alexander"]
[Result "0-1"]
[BlackTitle "GM"]
[WhiteElo "2214"]
[BlackElo "2434"]
[WhiteFideId "718050"]
[BlackFideId "4117301"]
[EventDate "2013.12.07"]

1. e4 c5 2. Nf3 d6 3. d4 cxd4 4. Nxd4 Nf6 5. Nc3 g6 6. Be2 Bg7 7. Be3 Nc6 8. Nb3
O-O 9. g4 Be6 10. g5 Nd7 11. f4 Rc8 12. O-O Nb6 13. f5 Bc4 14. f6 exf6 15. gxf6
Bxf6 16. Rxf6 Qxf6 17. Bxc4 Nxc4 18. Nd5 Qh4 19. Bf2 Qg5+ 20. Kh1 Rce8 21. Qd3
N4e5 22. Qh3 f5 23. Rg1 Ng4 24. Bh4 Qh6 25. exf5 Nf2+ 0-1

[Event "5th Classic Open 2013"]
[Site "London ENG"]
[Date "2013.12.12"]
[Round "6.23"]
[White "Jetzl, Joerg"]
[Black "Zumsande, Martin"]
[Result "1/2-1/2"]
[BlackTitle "IM"]
[WhiteElo "2213"]
[BlackElo "2430"]
[WhiteFideId "1601172"]
[BlackFideId "4651324"]
[EventDate "2013.12.07"]

1. d4 d5 2. Nf3 Nf6 3. c4 e6 4. Nc3 Be7 5. cxd5 exd5 6. Bg5 c6 7. e3 Bf5 8. Bd3
Bxd3 9. Bxf6 Bxf6 10. Qxd3 O-O 11. b4 Qd6 12. Rb1 Nd7 13. O-O Rac8 14. b5 Bd8 1/2-1/2

[Event "5th Classic Open 2013"]
[Site "London ENG"]
[Date "2013.12.12"]
[Round "6.24"]
[White "Ahlander, Bjorn"]
[Black "Josse, Mark"]
[Result "1-0"]
[WhiteTitle "IM"]
[WhiteElo "2429"]
[BlackElo "2173"]
[WhiteFideId "1700251"]
[BlackFideId "414476"]
[EventDate "2013.12.07"]

1. c4 e5 2. Nc3 Nc6 3. Nf3 Bb4 4. Qb3 d6 5. a3 Bc5 6. e3 Nge7 7. Be2 O-O 8. d3
a6 9. O-O Bg4 10. h3 Bf5 11. Qd1 Ba7 12. b4 Qd7 13. Re1 Rfe8 14. Bf1 h6 15. Rb1
Bh7 16. a4 Nd8 17. Rb2 Ne6 18. d4 exd4 19. exd4 Ng6 20. g3 Nef8 21. Ne4 Re7 22.
Rbe2 Rae8 23. Bg2 f5 24. Nc3 Rxe2 25. Nxe2 Ne6 26. a5 Nd8 27. h4 Nc6 28. Qd2 Kh8
29. Bb2 Qf7 30. b5 Nd8 31. Qc3 Bg8 32. d5 Re7 33. h5 Ne5 34. Nf4 Nxf3+ 35. Bxf3
Bh7 36. Kg2 Rxe1 37. Qxe1 Kg8 38. Ne6 Qe7 39. Qc3 Nxe6 40. dxe6 c6 41. bxc6 bxc6
42. Bxc6 Kf8 43. Qxg7+ Qxg7 44. Bxg7+ Ke7 45. Bd5 Bc5 46. Bxh6 1-0

[Event "5th Classic Open 2013"]
[Site "London ENG"]
[Date "2013.12.12"]
[Round "6.25"]
[White "Semprun Martinez, Fernando"]
[Black "McDonald, Neil"]
[Result "0-1"]
[BlackTitle "GM"]
[WhiteElo "2213"]
[BlackElo "2418"]
[WhiteFideId "2203170"]
[BlackFideId "400629"]
[EventDate "2013.12.07"]

1. e4 c5 2. Nf3 Nc6 3. d4 cxd4 4. Nxd4 e5 5. Nb5 d6 6. c4 Be7 7. Bd3 Be6 8. O-O
Rc8 9. b3 Nf6 10. N1c3 a6 11. Na3 Nb4 12. Nd5 Nbxd5 13. cxd5 Bg4 14. f3 Bd7 15.
Be3 b5 16. Qd2 Nh5 17. Rac1 Rxc1 18. Rxc1 O-O 19. Nc2 h6 20. Nb4 Bg5 21. Bxg5
hxg5 22. Nc6 Qf6 23. a4 bxa4 24. bxa4 a5 25. Bb5 Kh7 26. Nxa5 Bc8 27. Nc4 Rh8
28. a5 Nf4 29. a6 Qe7 30. Ra1 Qa7+ 31. Qe3 Ne2+ 32. Kf2 Nd4 33. Nxd6 Rd8 34.
Nxc8 Rxc8 35. Bc6 Rb8 36. Bb7 Qb6 37. a7 Ra8 38. Bxa8 Qb2+ 39. Kg3 Qxa1 40. Bc6
Qxa7 41. Qxg5 Qc7 42. h4 Ne2+ 43. Kg4 Nd4 44. h5 Qb8 45. Bd7 Qb6 46. Qd8 f5+ 47.
exf5 Qb4 48. f4 Qd2 49. Qg5 Qxg2+ 0-1

[Event "5th Classic Open 2013"]
[Site "London ENG"]
[Date "2013.12.12"]
[Round "6.26"]
[White "Houska, Jovanka"]
[Black "Mende, Andreas"]
[Result "1-0"]
[WhiteTitle "IM"]
[BlackTitle "CM"]
[WhiteElo "2415"]
[BlackElo "2161"]
[WhiteFideId "405094"]
[BlackFideId "4631102"]
[EventDate "2013.12.07"]

1. d4 Nf6 2. Nf3 g6 3. c4 Bg7 4. g3 d5 5. cxd5 Nxd5 6. Bg2 Nb6 7. O-O Nc6 8. e3
O-O 9. Nc3 Re8 10. Nh4 e5 11. d5 Na5 12. e4 Nac4 13. Qc2 Bd7 14. b3 Nd6 15. a4
a5 16. Be3 f5 17. Nf3 Nxe4 18. Nxe4 fxe4 19. Ng5 Nxd5 20. Qc4 c6 21. Bxe4 Bf5
22. f3 h6 23. g4 hxg5 24. gxf5 gxf5 25. Bxf5 Qf6 26. Be4 Kh8 27. Bxd5 cxd5 28.
Qxd5 Red8 29. Qe4 Qe6 30. Rab1 Bh6 31. Rb2 Rd7 32. Rg2 Rg8 33. Kh1 Re7 34. Rfg1
Qxb3 35. Bxg5 Bxg5 36. Rxg5 Rxg5 37. Rxg5 Qd1+ 38. Rg1 Qd6 39. Qg4 1-0

[Event "5th Classic Open 2013"]
[Site "London ENG"]
[Date "2013.12.12"]
[Round "6.27"]
[White "Guthrie, David"]
[Black "Karavade, Eesha"]
[Result "0-1"]
[BlackTitle "IM"]
[WhiteElo "2195"]
[BlackElo "2380"]
[WhiteFideId "4300505"]
[BlackFideId "5012600"]
[EventDate "2013.12.07"]

1. d4 Nf6 2. c4 e6 3. Nc3 Bb4 4. e3 O-O 5. Ne2 d5 6. a3 Be7 7. cxd5 exd5 8. b4
Nbd7 9. Ng3 Nb6 10. Bd3 c6 11. O-O Ne8 12. Qc2 h6 13. f3 a5 14. bxa5 Rxa5 15. a4
Nd6 16. Nce2 Bg5 17. f4 Bf6 18. Ra2 Re8 19. Kh1 Bg4 20. Ng1 Bh4 21. Nf3 Bxg3 22.
hxg3 f6 23. Bg6 Re7 24. Bh7+ Kh8 25. Nh4 Ne4 26. Bxe4 Rxe4 27. Bd2 Ra6 28. f5
Nc4 29. Rf4 Nd6 30. Bb4 Rxf4 31. gxf4 Ne4 32. Bc5 Qe8 33. Rb2 Qh5 34. Rxb7 Qxh4+
35. Kg1 Qe1+ 36. Kh2 Qg3+ 0-1